[Event "FIDE World Rapid 2013"]
[Site "Khanty-Mansiysk RUS"]
[Date "2013.06.07"]
[Round "10.12"]
[White "Safarli, Eltaj"]
[Black "Inarkiev, Ernesto"]
[Result "0-1"]
[WhiteTitle "GM"]
[BlackTitle "GM"]
[WhiteElo "2660"]
[BlackElo "2680"]
[WhiteFideId "13402129"]
[BlackFideId "4162722"]
[EventDate "2013.06.06"]

1. e4 e5 2. Nf3 Nc6 3. Bb5 a6 4. Ba4 Nf6 5. O-O Be7 6. d3 b5 7. Bb3 d6 8. a4 b4
9. Nbd2 O-O 10. Nc4 Rb8 11. c3 h6 12. a5 bxc3 13. bxc3 Be6 14. Qc2 Nd7 15. Be3
d5 16. Ncd2 Nc5 17. Bxc5 Bxc5 18. Rfe1 dxe4 19. dxe4 Qf6 20. Bc4 Bxc4 21. Nxc4
Qe6 22. Qe2 Rb5 23. Red1 Rfb8 24. g3 Ba7 25. Kg2 Rc5 26. Ra4 Rbb5 27. Rda1 Ne7
28. Rd1 Nc6 29. Rda1 Kh7 30. Qd3 Ne7 31. Nfd2 Nc8 32. R1a2 Rc6 33. Rb4 Nd6 34.
Rxb5 axb5 35. Nxd6 Qxa2 36. Nf5 Qxa5 37. Nf3 Qb6 38. Qe2 Rxc3 39. Nxe5 Qc5 40.
Nd3 0-1

[Event "FIDE World Rapid 2013"]
[Site "Khanty-Mansiysk RUS"]
[Date "2013.06.07"]
[Round "10.13"]
[White "Bologan, Viktor"]
[Black "Khismatullin, Denis"]
[Result "1/2-1/2"]
[WhiteTitle "GM"]
[BlackTitle "GM"]
[WhiteElo "2672"]
[BlackElo "2658"]
[WhiteFideId "13900048"]
[BlackFideId "4142578"]
[EventDate "2013.06.06"]

1. e4 c6 2. d4 d5 3. e5 Bf5 4. Nf3 e6 5. Be2 Nd7 6. O-O h6 7. Nbd2 Ne7 8. Nb3
Qc7 9. Bd2 a5 10. a4 g5 11. Rc1 Bg7 12. Qe1 b6 13. c4 dxc4 14. Bxc4 O-O 15. h4
g4 16. Nh2 f6 17. f3 gxf3 18. g4 Bh7 19. Bxe6+ Kh8 20. Nxf3 fxe5 21. Qg3 Qd6 22.
Bc4 Rae8 23. Rce1 Nd5 24. g5 h5 25. Rf2 Re6 26. dxe5 Rxf3 27. Qxf3 Nxe5 28. Rxe5
Rxe5 29. Qxh5 Re4 30. Bf1 Qg3+ 31. Bg2 Qxh4 32. Qf3 Re7 33. Re2 Qc4 34. Rxe7
Nxe7 35. Qe3 Bg6 36. Qxb6 Nd5 37. Qb8+ Kh7 38. Qh2+ Kg8 39. Qb8+ Kh7 40. Qg3
Qxa4 41. Qh3+ Kg8 42. Qe6+ Kh7 43. Qh3+ Kg8 44. Qe6+ Kh7 1/2-1/2

[Event "FIDE World Rapid 2013"]
[Site "Khanty-Mansiysk RUS"]
[Date "2013.06.07"]
[Round "10.14"]
[White "Moiseenko, Alexander"]
[Black "Artemiev, Vladislav"]
[Result "1-0"]
[WhiteTitle "GM"]
[BlackTitle "IM"]
[WhiteElo "2711"]
[BlackElo "2524"]
[WhiteFideId "14102560"]
[BlackFideId "24101605"]
[EventDate "2013.06.06"]

1. d4 d5 2. c4 c6 3. Nf3 Nf6 4. Nc3 e6 5. Bg5 Nbd7 6. e3 Qa5 7. cxd5 Nxd5 8. Qd2
Bb4 9. Rc1 h6 10. Bh4 c5 11. a3 Bxc3 12. bxc3 b6 13. c4 Qxd2+ 14. Nxd2 Ne7 15.
f3 Nf5 16. Bf2 Ba6 17. Bd3 Nd6 18. Bg3 Ke7 19. Kf2 Rac8 20. Rhd1 Rhd8 21. h3 f5
22. Nb3 Nf6 23. dxc5 bxc5 24. Na5 Nb7 25. Nxb7 Bxb7 26. Be2 Bc6 27. Be5 Ba4 28.
Rxd8 Rxd8 29. Rb1 Bc6 30. g4 g5 31. Ke1 Nd7 32. Bc3 Rf8 33. Kf2 e5 34. Kg3 Ke6
35. Rf1 Nf6 36. Bd3 f4+ 37. exf4 exf4+ 38. Kf2 Rb8 39. Bg6 Nd7 40. Bf5+ Kf7 41.
Rd1 Ke7 42. Re1+ Kd8 43. Re6 Kc7 44. Ba5+ Nb6 45. Rxh6 Re8 46. Be6 Rd8 47. Bf5
Re8 48. Re6 Rh8 49. Kg2 Kb7 50. Re7+ Ka6 51. Bxb6 axb6 52. h4 gxh4 53. Be4 h3+
54. Kh2 Bxe4 55. Rxe4 b5 56. Rxf4 bxc4 57. a4 c3 58. Rc4 Ka5 59. g5 Rf8 60. f4
c2 61. Rxc5+ Kxa4 62. Rxc2 Rxf4 63. Kxh3 1-0

[Event "FIDE World Rapid 2013"]
[Site "Khanty-Mansiysk RUS"]
[Date "2013.06.07"]
[Round "10.16"]
[White "Al-Sayed, Mohammed"]
[Black "Nguyen, Ngoc Truong Son"]
[Result "0-1"]
[WhiteTitle "GM"]
[BlackTitle "GM"]
[WhiteElo "2498"]
[BlackElo "2625"]
[WhiteFideId "12100196"]
[BlackFideId "12401110"]
[EventDate "2013.06.06"]

1. d4 Nf6 2. Nf3 d5 3. c4 c6 4. Nc3 dxc4 5. a4 Bf5 6. e3 e6 7. Bxc4 Bb4 8. O-O
O-O 9. h3 c5 10. Qe2 Nc6 11. e4 Bg6 12. e5 Nd5 13. Bxd5 exd5 14. dxc5 d4 15. Ne4
d3 16. Qe3 Qd5 17. Nc3 Qxc5 18. Qxc5 Bxc5 19. Bd2 Rad8 20. Rae1 Rfe8 21. Ne4 Bf8
22. Bc3 f6 23. Ned2 fxe5 24. Nxe5 Nxe5 25. Rxe5 Rxe5 26. Bxe5 Re8 27. Bc3 Re2
28. Nb3 Re4 29. a5 Bb4 30. Nd2 Rf4 31. Bxb4 Rxb4 32. b3 Rb5 33. Ra1 Rc5 34. Nc4
Rb5 35. Ra3 Bf7 36. Nd2 Rc5 37. b4 Rc1+ 38. Kh2 Bg6 39. Ra2 Rc2 40. Rxc2 dxc2
41. Nb3 Kf7 42. Kg3 Ke6 0-1

[Event "FIDE World Rapid 2013"]
[Site "Khanty-Mansiysk RUS"]
[Date "2013.06.07"]
[Round "10.17"]
[White "Riazantsev, Alexander"]
[Black "Kabanov, Nikolai"]
[Result "1-0"]
[WhiteTitle "GM"]
[BlackTitle "GM"]
[WhiteElo "2708"]
[BlackElo "2472"]
[WhiteFideId "4125029"]
[BlackFideId "4127820"]
[EventDate "2013.06.06"]

1. d4 d6 2. Nf3 g6 3. c4 Bg7 4. Nc3 Bg4 5. e3 Nf6 6. h3 Bxf3 7. Qxf3 Nc6 8. Bd2
e5 9. d5 Nb4 10. O-O-O a5 11. Kb1 O-O 12. e4 Nh5 13. g3 c6 14. Be2 a4 15. a3 Na6
16. Nxa4 Nf6 17. g4 Nd7 18. h4 cxd5 19. cxd5 f5 20. gxf5 gxf5 21. exf5 Nac5 22.
Nxc5 Nxc5 23. Rhg1 Kh8 24. Rxg7 Kxg7 25. Bg5 Qe8 26. Rg1 Kh8 27. Qg2 Qf7 28. Bg4
Ra4 29. Bd1 Rc4 30. Ka2 Rd4 31. Bc2 e4 32. Kb1 Rxd5 33. b4 Nd3 34. Bb3 Qxf5 35.
Bh6 1-0

[Event "FIDE World Rapid 2013"]
[Site "Khanty-Mansiysk RUS"]
[Date "2013.06.07"]
[Round "10.18"]
[White "Gundavaa, Bayarsaikhan"]
[Black "Rublevsky, Sergei"]
[Result "1/2-1/2"]
[WhiteTitle "GM"]
[BlackTitle "GM"]
[WhiteElo "2516"]
[BlackElo "2695"]
[WhiteFideId "4901045"]
[BlackFideId "4115309"]
[EventDate "2013.06.06"]

1. e4 c5 2. Nf3 e6 3. g3 d5 4. exd5 exd5 5. d4 Nf6 6. Bg2 Be7 7. O-O O-O 8. Be3
cxd4 9. Nxd4 Bg4 10. Qd3 Qd7 11. c4 Nc6 12. Nxc6 bxc6 13. Nc3 Rfd8 14. cxd5 cxd5
15. Bd4 Bh3 16. Rad1 Bxg2 17. Kxg2 Qb7 18. Rfe1 Rd7 19. Qf3 Ne8 20. Nxd5 Qxd5
21. Qxd5 Rxd5 22. Rxe7 Nf6 23. Rc7 h6 24. f3 Nh7 25. Kf2 Ng5 26. Rc4 Rad8 27. h4
Ne6 28. Ke3 Re8 29. Kf2 Red8 30. Ke3 Re8 31. Kf2 Red8 1/2-1/2

[Event "FIDE World Rapid 2013"]
[Site "Khanty-Mansiysk RUS"]
[Date "2013.06.07"]
[Round "10.19"]
[White "Salem, A.R. Saleh"]
[Black "Popov, Ivan RUS"]
[Result "1-0"]
[WhiteTitle "GM"]
[BlackTitle "GM"]
[WhiteElo "2531"]
[BlackElo "2632"]
[WhiteFideId "9301348"]
[BlackFideId "4170350"]
[EventDate "2013.06.06"]

1. d4 Nf6 2. c4 g6 3. Nc3 d5 4. e3 Bg7 5. cxd5 Nxd5 6. Nxd5 Qxd5 7. Ne2 O-O 8.
Nc3 Qa5 9. Bd2 c6 10. Bc4 e5 11. d5 Qc5 12. Bb3 cxd5 13. Nxd5 Nc6 14. O-O Bf5
15. Rc1 Qd6 16. Qe2 Be6 17. e4 Nd4 18. Qe3 a5 19. Rfd1 f5 20. Bc3 Kh8 21. f4 Qc5
22. Bxd4 exd4 23. Qf2 Qa7 24. e5 a4 25. Nc7 axb3 26. Nxe6 bxa2 27. Nxf8 Bxf8 28.
Ra1 b5 29. Kh1 Bc5 30. Qf3 b4 31. b3 Bf8 32. h3 Rc8 33. Qe2 Rc3 34. Rxa2 Qb7 35.
Kh2 Qd5 36. e6 Bd6 37. e7 Bxf4+ 38. Kg1 Be3+ 39. Kh1 Qe4 40. Qb5 Rc8 41. Qd7 Rg8
42. Ra6 Bg5 43. Re6 Qc2 44. Qxd4+ 1-0

[Event "FIDE World Rapid 2013"]
[Site "Khanty-Mansiysk RUS"]
[Date "2013.06.07"]
[Round "10.20"]
[White "Ponkratov, Pavel"]
[Black "Kobalia, Mikhail"]
[Result "1-0"]
[WhiteTitle "GM"]
[BlackTitle "GM"]
[WhiteElo "2605"]
[BlackElo "2651"]
[WhiteFideId "4157800"]
[BlackFideId "4119150"]
[EventDate "2013.06.06"]

1. d4 d5 2. c4 c6 3. Nc3 dxc4 4. e4 b5 5. a4 b4 6. Nb1 Ba6 7. Qc2 Qxd4 8. Nf3 b3
9. Nxd4 bxc2 10. Na3 e5 11. Ndxc2 Nf6 12. f3 Nfd7 13. Nxc4 Bc5 14. b4 Be7 15.
Be3 O-O 16. Be2 Bc8 17. O-O Na6 18. Rfb1 Nc7 19. Na5 Nb8 20. Ra3 Ne6 21. Rc3 Bd7
22. Rd1 c5 23. bxc5 Bxa4 24. Ra1 Bxc2 25. Rxc2 Rc8 26. Bc4 Nd8 27. c6 Nbxc6 28.
Ba6 Nxa5 29. Bxc8 Nac6 30. Rxc6 1-0

[Event "FIDE World Rapid 2013"]
[Site "Khanty-Mansiysk RUS"]
[Date "2013.06.07"]
[Round "10.22"]
[White "Ghaem Maghami, Ehsan"]
[Black "Lagno, Kateryna"]
[Result "0-1"]
[WhiteTitle "GM"]
[BlackTitle "GM"]
[WhiteElo "2554"]
[BlackElo "2542"]
[WhiteFideId "12500739"]
[BlackFideId "14109336"]
[EventDate "2013.06.06"]

1. e4 c5 2. Nf3 d6 3. c3 Nf6 4. Bd3 Nc6 5. Bc2 Bg4 6. d3 g6 7. Be3 Qb6 8. b4 Bg7
9. Nbd2 Nd7 10. Rb1 Bxf3 11. Qxf3 Bxc3 12. bxc5 Bxd2+ 13. Bxd2 Qxc5 14. Qd1 Nd4
15. Bb3 Nxb3 16. Qxb3 O-O 17. O-O b6 18. Rfc1 Qe5 19. Qc4 Rfd8 20. Rb5 Qe6 21.
Qxe6 fxe6 22. Rc7 Kf7 23. d4 Ke8 24. Kf1 Rdc8 25. Rc3 Rxc3 26. Bxc3 Rc8 27. Rb3
Rc4 28. Ke2 e5 29. dxe5 Rxe4+ 30. Kf3 d5 31. Ra3 a5 32. Rb3 Kf7 33. Kg3 Rc4 34.
Bd2 Rc2 35. Bg5 Ke6 36. a3 d4 37. Kf3 Nxe5+ 38. Ke4 Nd7 39. Kxd4 Rxf2 40. Re3+
Kf5 41. h4 e5+ 42. Kd5 h6 43. Bxh6 Nf6+ 44. Kc6 Ng4 0-1

[Event "FIDE World Rapid 2013"]
[Site "Khanty-Mansiysk RUS"]
[Date "2013.06.07"]
[Round "10.25"]
[White "Potapov, Pavel"]
[Black "Cherniaev, Alexander"]
[Result "1-0"]
[WhiteTitle "IM"]
[BlackTitle "GM"]
[WhiteElo "2460"]
[BlackElo "2447"]
[WhiteFideId "4169786"]
[BlackFideId "4117301"]
[EventDate "2013.06.06"]

1. e4 c5 2. c3 Nf6 3. e5 Nd5 4. Nf3 Nc6 5. d4 cxd4 6. cxd4 d6 7. Bc4 dxe5 8.
dxe5 Ndb4 9. Qxd8+ Nxd8 10. Na3 a6 11. O-O e6 12. Be3 b5 13. Bb3 Ndc6 14. Rfd1
Bb7 15. Rac1 Be7 16. Nc2 Nxc2 17. Rxc2 Rd8 18. Rdc1 Nb4 19. Rc7 Bxf3 20. gxf3
Nd3 21. R1c6 Nxe5 22. Rxa6 Nxf3+ 23. Kg2 Nh4+ 24. Kh3 Bf6 25. Raa7 O-O 26. Rxf7
Rxf7 27. Bxe6 Nf3 28. Rxf7 Kh8 29. Rb7 h5 30. Rxb5 g5 31. Kg2 Nh4+ 32. Kf1 Rd1+
33. Ke2 Rg1 34. a4 Ng2 35. a5 Nxe3 36. fxe3 Ra1 37. Kd3 Kg7 38. b4 Ra3+ 39. Ke4
Be7 40. Bd7 g4 41. Rb7 Kf6 42. Rb6+ Kg5 43. a6 Kh4 44. Kd4 Bg5 45. Re6 Ra2 46.
Kc5 Rxh2 47. Ba4 Re2 48. a7 Rxe3 49. a8=Q Rxe6 50. Qh1+ Kg3 51. Qg1+ Kh3 52.
Qh1+ Kg3 53. Qxh5 Be7+ 54. Kd5 Rd6+ 55. Kc4 Rf6 56. Qe5+ Rf4+ 57. Kd3 Bf6 58.
Qd6 Bg5 59. Bd1 Kf2 60. Qc5+ 1-0

[Event "FIDE World Rapid 2013"]
[Site "Khanty-Mansiysk RUS"]
[Date "2013.06.07"]
[Round "10.26"]
[White "Byambaa, Zulzaga"]
[Black "Sargissian, Gabriel"]
[Result "0-1"]
[WhiteTitle "FM"]
[BlackTitle "GM"]
[WhiteElo "2285"]
[BlackElo "2671"]
[WhiteFideId "4900642"]
[BlackFideId "13300881"]
[EventDate "2013.06.06"]

1. e4 e5 2. Nf3 Nc6 3. Bb5 a6 4. Ba4 Nf6 5. O-O Be7 6. Re1 b5 7. Bb3 O-O 8. c3
d6 9. h3 Nb8 10. d4 Nbd7 11. a4 Bb7 12. Nbd2 c5 13. Bc2 Re8 14. b3 b4 15. d5
bxc3 16. Nc4 a5 17. Qd3 Ba6 18. Qxc3 Bxc4 19. Qxc4 Nb8 20. Bd3 Na6 21. Qc3 Nb4
22. Bb5 Rf8 23. Ba3 Nh5 24. Bxb4 axb4 25. Qe3 g6 26. g3 Ng7 27. Bd3 f5 28. Qe2
Ra7 29. Nd2 h5 30. Nc4 f4 31. a5 Bg5 32. a6 Qd7 33. Kh2 Bd8 34. Rg1 Kh7 35. Qd1
Bc7 36. Be2 Qc8 37. g4 f3 38. Bxf3 h4 39. Be2 Rxf2+ 40. Rg2 Rf4 41. Nd2 Bd8 42.
g5 Be7 43. Qc2 Qd8 44. Rag1 Nh5 45. Bxh5 gxh5 46. Qd1 Kg6 47. Qe2 Qf8 48. Nc4
Rf3 49. Qd2 Rxa6 50. Rb1 Qf4+ 51. Qxf4 Rxf4 52. Re2 Rf3 53. Rg2 Ra8 54. Nd2 Rf4
55. Re1 Ra2 56. Nc4 Rff2 57. Rg1 Rae2 58. Rxf2 Rxf2+ 59. Rg2 Rf3 60. Rb2 Kxg5
61. Rg2+ Kf6 62. Rb2 Bf8 63. Kg2 Rg3+ 64. Kh2 Ke7 65. Na5 Bh6 66. Rg2 Re3 67.
Rg6 Bf4+ 68. Kg2 Re2+ 69. Kf1 Rxe4 70. Nc6+ Kd7 71. Rg7+ Ke8 72. Re7+ Kf8 73.
Rd7 Bg5 74. Rxd6 c4 75. bxc4 b3 76. Na5 b2 77. Rb6 Bd2 78. Rb8+ Kf7 79. Nc6 Re1+
80. Kf2 b1=Q 81. Nxe5+ Kf6 82. Rxb1 Rxb1 83. Nf3 Rb2 0-1

[Event "FIDE World Rapid 2013"]
[Site "Khanty-Mansiysk RUS"]
[Date "2013.06.07"]
[Round "10.27"]
[White "Ram, S. Krishnan"]
[Black "Skatchkov, Pavel"]
[Result "0-1"]
[BlackTitle "GM"]
[WhiteElo "2248"]
[BlackElo "2486"]
[WhiteFideId "5010519"]
[BlackFideId "4121848"]
[EventDate "2013.06.06"]

1. d4 d5 2. Nf3 Nf6 3. c4 c6 4. cxd5 Nxd5 5. e4 Nf6 6. Nc3 Bg4 7. Be2 e6 8. O-O
Be7 9. Be3 O-O 10. Ne5 Bxe2 11. Qxe2 Nbd7 12. f4 Rc8 13. Rad1 Qa5 14. g4 Rfd8
15. g5 Ne8 16. Rf3 f6 17. gxf6 Nexf6 18. Rg3 c5 19. Nxd7 Rxd7 20. d5 exd5 21. e5
Ne8 22. Qg4 Rcd8 23. Rxd5 Rxd5 24. Nxd5 Bf8 25. Qe6+ Kh8 26. b4 Qxa2 27. Qf7 Nc7
28. Qxc7 Rxd5 29. Bf2 Qb1+ 30. Kg2 Qe4+ 31. Kh3 Qxf4 32. Bxc5 Qf5+ 0-1

[Event "FIDE World Rapid 2013"]
[Site "Khanty-Mansiysk RUS"]
[Date "2013.06.07"]
[Round "10.29"]
[White "Pasiev, Rakhim"]
[Black "Akbaev, Kazbek"]
[Result "1-0"]
[WhiteTitle "IM"]
[BlackTitle "IM"]
[WhiteElo "2384"]
[BlackElo "2475"]
[WhiteFideId "24122475"]
[BlackFideId "4131045"]
[EventDate "2013.06.06"]

1. e4 e6 2. d4 d5 3. Nc3 c6 4. Be3 f5 5. exf5 exf5 6. Qd2 Nf6 7. f3 Bb4 8. Bd3
O-O 9. Nge2 Re8 10. O-O-O Na6 11. Kb1 Nc7 12. h3 Ne4 13. fxe4 fxe4 14. Bg5 Qd7
15. Nc1 exd3 16. Nxd3 Bd6 17. Bf4 Ne6 18. Ne5 Bxe5 19. Bxe5 b5 20. g4 a5 21. Ne2
b4 22. Ng3 c5 23. dxc5 Nxc5 24. Rhe1 Bb7 25. Nf5 Ne6 26. Nd6 Red8 27. Rf1 Rf8
28. Nf5 Ba6 29. Rf2 Rad8 30. Qe3 d4 31. Bxd4 Nxd4 32. Rxd4 Qb7 33. b3 a4 34.
bxa4 Rde8 35. Qg5 Qa7 36. Rfd2 Qc7 37. Rd7 Re1+ 38. Rd1 Rxd1+ 39. Rxd1 Qc3 40.
Nh6+ Kh8 41. Qe7 Qc8 42. Nf5 Rg8 43. Nd6 1-0

[Event "FIDE World Rapid 2013"]
[Site "Khanty-Mansiysk RUS"]
[Date "2013.06.08"]
[Round "11.1"]
[White "Nepomniachtchi, Ian"]
[Black "Akopian, Vladimir"]
[Result "1/2-1/2"]
[WhiteTitle "GM"]
[BlackTitle "GM"]
[WhiteElo "2717"]
[BlackElo "2691"]
[WhiteFideId "4168119"]
[BlackFideId "13300032"]
[EventDate "2013.06.06"]

1. e4 e5 2. Nf3 Nc6 3. d4 exd4 4. Nxd4 Bc5 5. Nxc6 Qf6 6. Qf3 bxc6 7. Nc3 d6 8.
Bd2 Qxf3 9. gxf3 Ne7 10. Na4 Bd4 11. Rd1 Ng6 12. Ba5 Bb6 13. Bc3 O-O 14. Rg1 f5
15. h4 fxe4 16. Nxb6 axb6 17. fxe4 Be6 18. h5 Ne5 19. Bxe5 dxe5 20. h6 g6 21.
Rg5 Rf4 22. Rxe5 Kf7 23. Rg5 Rxe4+ 24. Kd2 Rxa2 25. Bd3 Rh4 26. Re5 Ra5 27. Rxa5
bxa5 28. Ra1 Rxh6 29. Rxa5 Ke7 30. Be4 Kd6 31. Ra6 Bd5 32. Bxd5 Kxd5 33. c4+ Kd6
34. b4 Rh4 35. Kd3 Rf4 36. b5 Rxf2 37. Rxc6+ Kd7 38. Ra6 g5 39. Ra7 Kd6 40. c5+
Kxc5 41. Rxc7+ Kxb5 42. Rxh7 1/2-1/2

[Event "FIDE World Rapid 2013"]
[Site "Khanty-Mansiysk RUS"]
[Date "2013.06.08"]
[Round "11.2"]
[White "Khairullin, Ildar"]
[Black "Grischuk, Alexander"]
[Result "1/2-1/2"]
[WhiteTitle "GM"]
[BlackTitle "GM"]
[WhiteElo "2658"]
[BlackElo "2779"]
[WhiteFideId "4151348"]
[BlackFideId "4126025"]
[EventDate "2013.06.06"]

1. e4 e5 2. Nf3 d6 3. d4 exd4 4. Nxd4 Nf6 5. Nc3 Be7 6. g3 d5 7. e5 Ng4 8. Bg2
O-O 9. h3 Nxe5 10. Nxd5 Bc5 11. Nb3 Bd6 12. O-O c6 13. Nc3 Na6 14. Bf4 Nc4 15.
Bxd6 Nxd6 16. Qd4 Be6 17. Nc5 Nxc5 18. Qxc5 Nf5 19. Rad1 Qb6 20. Na4 Qc7 21. Qc3
Rad8 22. Nc5 Bc8 23. a4 b6 24. Ne4 h6 25. b4 Be6 26. Rfe1 Ne7 27. Nd2 Nd5 28.
Qb2 Qc8 29. Kh2 Nf6 30. Nf3 Bd5 31. Ne5 Qf5 32. c4 Bxg2 33. Kxg2 Rxd1 34. Rxd1
Re8 35. Nf3 c5 36. a5 cxb4 37. axb6 axb6 38. Qxb4 Qe6 39. Rd6 Qe4 40. Qxb6 Qxc4
41. Rd8 1/2-1/2

[Event "FIDE World Rapid 2013"]
[Site "Khanty-Mansiysk RUS"]
[Date "2013.06.08"]
[Round "11.3"]
[White "Movsesian, Sergei"]
[Black "Cheparinov, Ivan"]
[Result "1-0"]
[WhiteTitle "GM"]
[BlackTitle "GM"]
[WhiteElo "2699"]
[BlackElo "2678"]
[WhiteFideId "310204"]
[BlackFideId "2905540"]
[EventDate "2013.06.06"]

1. c4 Nf6 2. Nc3 e5 3. g3 d5 4. cxd5 Nxd5 5. Bg2 Nb6 6. Nf3 Nc6 7. O-O Be7 8. d3
O-O 9. a3 Be6 10. Be3 f6 11. Rc1 Nd4 12. Bxd4 exd4 13. Ne4 c6 14. b4 Rf7 15. Nc5
Bxc5 16. bxc5 Nc8 17. Qa4 Rd7 18. Rb1 Ne7 19. Nd2 b5 20. Qb4 a5 21. Qb2 Qc7 22.
Ne4 Rad8 23. Nd6 Nc8 24. Qxd4 Nxd6 25. cxd6 Rxd6 26. Qc3 Qb6 27. Rfc1 Rb8 28.
Qc5 Qxc5 29. Rxc5 Bd7 30. Kf1 Rb6 31. Rbc1 Kf7 32. Ke1 Ke7 33. Kd2 f5 34. e3 Rf6
35. d4 Kd6 36. Bf3 Rf8 37. d5 cxd5 38. Rxd5+ Ke6 39. Rd4 Rd6 40. Rc7 Rc8 41. Ra7
a4 42. Be2 Rc5 43. Bd3 g6 44. h4 Rc8 45. h5 Rb8 46. Kc3 Rxd4 47. exd4 gxh5 48.
Kb4 Kd6 49. Ra6+ Kd5 50. Rh6 Be6 51. Bb1 Bg8 52. Kc3 b4+ 53. axb4 a3 54. Kd3 1-0

[Event "FIDE World Rapid 2013"]
[Site "Khanty-Mansiysk RUS"]
[Date "2013.06.08"]
[Round "11.6"]
[White "Vitiugov, Nikita"]
[Black "Zvjaginsev, Vadim"]
[Result "1-0"]
[WhiteTitle "GM"]
[BlackTitle "GM"]
[WhiteElo "2734"]
[BlackElo "2659"]
[WhiteFideId "4152956"]
[BlackFideId "4113403"]
[EventDate "2013.06.06"]

1. d4 e6 2. e4 d5 3. Nc3 Nf6 4. e5 Nfd7 5. f4 c5 6. Nf3 Nc6 7. Be3 cxd4 8. Nxd4
Bc5 9. Qd2 O-O 10. g3 a6 11. Bg2 Nxd4 12. Bxd4 b5 13. a3 Bxd4 14. Qxd4 Bb7 15.
Ne2 Rc8 16. Qd2 Qb6 17. Nd4 a5 18. O-O b4 19. axb4 axb4 20. Kh1 Rc4 21. Rad1 Nc5
22. f5 Ne4 23. Qe3 exf5 24. Nxf5 Qe6 25. b3 Rc3 26. Qf4 Kh8 27. Nd4 Qe7 28. Nf5
Qe6 29. Nd6 Nxd6 30. exd6 Rxc2 31. Rde1 Qc8 32. Re7 Rxg2 33. Kxg2 d4+ 34. Kf2
Qc2+ 35. Re2 Qc5 36. Rc1 Qb6 37. Re7 Bd5 38. Ke1 d3 39. Kd2 Bxb3 40. d7 Qd8 41.
Rc8 1-0

[Event "FIDE World Rapid 2013"]
[Site "Khanty-Mansiysk RUS"]
[Date "2013.06.08"]
[Round "11.7"]
[White "Guseinov, Gadir"]
[Black "Andreikin, Dmitry"]
[Result "1-0"]
[WhiteTitle "GM"]
[BlackTitle "GM"]
[WhiteElo "2631"]
[BlackElo "2713"]
[WhiteFideId "13401378"]
[BlackFideId "4158814"]
[EventDate "2013.06.06"]

1. e4 e5 2. Nf3 Nc6 3. Bb5 Nf6 4. O-O Nxe4 5. Re1 Nd6 6. Nxe5 Be7 7. Bf1 Nf5 8.
Nf3 O-O 9. d4 d5 10. Nc3 Bf6 11. Ne2 Re8 12. c3 Nh4 13. Nxh4 Bxh4 14. g3 Bf6 15.
Nf4 Rxe1 16. Qxe1 g6 17. Bg2 Ne7 18. Qe2 c6 19. Nd3 Nf5 20. Bf4 Nd6 21. g4 Bg5
22. Bg3 Bh4 23. Bf4 Bg5 24. Be5 Nc4 25. Bg3 Qe7 26. Qxe7 Bxe7 27. Re1 Kf8 28. h3
f5 29. f3 Bd6 30. Bh4 h6 31. b3 g5 32. Bf2 Nb6 33. Nc5 Kf7 34. Bf1 Nd7 35. Bd3
fxg4 36. hxg4 Nxc5 37. dxc5 Bf4 38. Kg2 Bd2 39. Rh1 Bxc3 40. Rxh6 Bg7 41. Rh5 a5
42. Rxg5 a4 43. b4 a3 44. Bg6+ Kf8 45. Bg3 Bf6 46. Rh5 Be6 47. g5 Bb2 48. Bb1
Ra4 49. Bd6+ Kg8 50. f4 Rxb4 51. f5 Bg7 52. fxe6 Rxb1 53. e7 Re1 54. g6 Bf6 55.
Rh7 Bg7 56. Kf3 d4 57. Kf4 d3 58. Rxg7+ Kxg7 59. Be5+ Rxe5 60. Kxe5 d2 61. e8=Q
d1=Q 62. Qf7+ Kh6 63. g7 Qa1+ 64. Kd6 Qxg7 65. Qxg7+ Kxg7 66. Kc7 Kf6 67. Kxb7
Ke5 68. Kxc6 Kd4 69. Kb5 Kc3 70. c6 Kb2 71. c7 Kxa2 72. c8=Q 1-0

[Event "FIDE World Rapid 2013"]
[Site "Khanty-Mansiysk RUS"]
[Date "2013.06.08"]
[Round "11.8"]
[White "Jakovenko, Dmitry"]
[Black "Le, Quang Liem"]
[Result "0-1"]
[WhiteTitle "GM"]
[BlackTitle "GM"]
[WhiteElo "2713"]
[BlackElo "2712"]
[WhiteFideId "4122356"]
[BlackFideId "12401137"]
[EventDate "2013.06.06"]

1. d4 d5 2. c4 c6 3. Nc3 Nf6 4. cxd5 cxd5 5. Bf4 Nc6 6. e3 a6 7. Bd3 Bg4 8. Nge2
e6 9. O-O Be7 10. Rc1 O-O 11. Na4 Nd7 12. f3 Bh5 13. Qb3 Ra7 14. Bg3 Bg6 15. Nf4
Na5 16. Qd1 Nc4 17. Qe2 b5 18. Nc3 Qa8 19. Nxg6 hxg6 20. e4 Ndb6 21. b3 Na5 22.
exd5 exd5 23. Qd2 Nc6 24. Ne2 Re8 25. Kh1 Bf6 26. Bf2 Rae7 27. Rc2 g5 28. Rfc1
Re6 29. Bg1 g6 30. f4 gxf4 31. Nxf4 Rd6 32. Rf1 Bg5 33. Qf2 Qd8 34. Qg3 Bh4 35.
Qg4 Nb4 36. Re2 Nxd3 37. Rxe8+ Qxe8 38. Nxd3 Bf6 39. Qg3 Qd8 40. Ne5 Nc8 41. Qf4
Qe7 42. h3 Re6 43. Ng4 Bg5 44. Qb8 Qe8 45. Ne5 Nd6 46. Qxe8+ Rxe8 47. Nf3 Bh6
48. Bh2 Ne4 49. Ne5 Be3 50. Nd3 Bxd4 51. Bf4 Rc8 52. Rd1 Rc2 53. Kh2 Bc3 54. a4
g5 55. Bb8 Rd2 56. Rxd2 Bxd2 57. g4 f6 58. Kg2 Bc3 59. axb5 axb5 60. Nc1 Kf7 61.
Bc7 Ke6 62. Bd8 Kd7 63. Bb6 Kc6 64. Ba7 d4 65. Kf3 Kd5 66. Ke2 Bb4 67. Nd3 Bc5
68. Bb8 Bd6 69. Ba7 Nc3+ 70. Kf3 Nb1 71. Ke2 Nc3+ 72. Kf3 Ne4 73. Ke2 Ba3 74.
Bb6 Be7 75. Ba7 Bf8 76. Bb6 Be7 77. Ba7 Nd6 78. Nf2 Nb7 79. Bb6 Bd8 80. Bxd8
Nxd8 81. Nd3 Ne6 82. Kd2 Nc5 83. Nb4+ Ke4 84. Kc2 Ke3 85. Nd5+ Ke2 86. b4 d3+ 0-1

[Event "FIDE World Rapid 2013"]
[Site "Khanty-Mansiysk RUS"]
[Date "2013.06.08"]
[Round "11.9"]
[White "Inarkiev, Ernesto"]
[Black "Ponomariov, Ruslan"]
[Result "1-0"]
[WhiteTitle "GM"]
[BlackTitle "GM"]
[WhiteElo "2680"]
[BlackElo "2743"]
[WhiteFideId "4162722"]
[BlackFideId "14103320"]
[EventDate "2013.06.06"]

1. e4 e5 2. Nf3 Nc6 3. Bb5 a6 4. Ba4 Nf6 5. O-O Be7 6. Re1 b5 7. Bb3 O-O 8. h3
Bb7 9. d3 d5 10. exd5 Nxd5 11. Nbd2 f6 12. a4 Kh8 13. axb5 axb5 14. Rxa8 Bxa8
15. Ne4 Na5 16. Ba2 c5 17. c3 Nc6 18. Ng3 Qd7 19. Nh4 g6 20. Nf3 Kg7 21. h4 Rd8
22. Ne4 Qg4 23. Qb3 b4 24. Qc4 Qc8 25. h5 Na5 26. Qb5 Qc7 27. Qa4 Bc6 28. Qd1 g5
29. Qe2 Kh8 30. d4 exd4 31. cxd4 b3 32. Bb1 c4 33. h6 Bb4 34. Bd2 Nf4 35. Qd1
Bxd2 36. Qxd2 Rf8 37. Re3 Nd5 38. Re1 Nb7 39. Ng3 Nd6 40. Nh5 Qf7 41. Ng7 Nf4
42. Qb4 Rd8 43. Qb6 Qd7 44. Bf5 Nxf5 45. Nxf5 Nd5 46. Qa5 Rg8 47. Qc5 c3 48.
bxc3 b2 49. Nd2 Qxf5 50. Qxc6 Nf4 51. Rb1 Ne2+ 52. Kf1 Ng3+ 53. Kg1 Ne2+ 54. Kf1
Ng3+ 55. Ke1 Rc8 56. Qb7 Qe6+ 57. Kd1 Nf5 58. Rxb2 Nxh6 59. Rb6 Qf5 60. Rxf6
Qxf6 61. Qxc8+ Kg7 62. Ne4 Qf4 63. Qe6 Nf7 64. Ke2 Qc1 65. g4 Qc2+ 66. Kf3 Qd1+
67. Kg2 Qc1 68. Ng3 1-0